| 000 | cam a22 a 4500 | ||
|---|---|---|---|
| 999 |
_c2780 _d2780 |
||
| 003 | AKMAL | ||
| 005 | 20170518084240.0 | ||
| 008 | 170518s1987 xxua e bi 001 0 eng d | ||
| 020 |
_a007561877X : _cUSD74.28 |
||
| 020 | _a0801636272 | ||
| 039 | 9 |
_a200412280927 _bleesc |
|
| 040 |
_aAKMAL _cAKMAL |
||
| 082 | 0 | 4 | _a650 NIC |
| 090 | 0 | 0 |
_a650 _bNIC |
| 100 | 1 |
_aNickels, William G. _95867 |
|
| 245 | 1 | 0 |
_aUnderstanding business / _cWilliam G. Nickels |
| 260 |
_bIrwin McGraw-Hill , _c1987 |
||
| 300 |
_axxxvi, various pagings : _bcol. ill. ; _c28cm. + _e1 computer diskette (9 x 9 1/2)cm. |
||
| 504 | _aIncludes bibliographical references and index | ||
| 650 | 0 |
_aIndustrial management _92203 |
|
| 650 | 0 |
_aBusiness _95868 |
|
| 650 | 0 |
_aBusiness _xVocational guidance _95869 |
|
| 700 | 1 |
_aMcHugh, James M. _95870 |
|
| 700 | 1 |
_aMcHugh, Susan M. _95871 |
|
| 942 |
_2ddc _cBOOK |
||